书目信息 |
| 题名: |
草地资源可持续利用原理与技术
|
|
| 作者: | 戎郁萍 编著 | |
| 分册: | ||
| 出版信息: | 北京 化学工业出版社 2004 |
|
| 页数: | 268页 | |
| 开本: | 24cm | |
| 丛书名: | 草业与生态环境建设丛书 | |
| 单 册: | ||
| 中图分类: | S812.8 | |
| 科图分类: | ||
| 主题词: | 草地--资源利用--研究 , 草地 , 资源利用 | |
| 电子资源: | ||
| ISBN: | 7-5025-5104-2 | |
| 000 | 01066oam2 2200289 450 | |
| 001 | 002628327 | |
| 005 | 20070805111035.20 | |
| 010 | @a7-5025-5104-2@dCNY28.00 | |
| 100 | @a20040419d2004 em y0chiy0110 ea | |
| 101 | 0 | @achi |
| 102 | @aCN@b110000 | |
| 105 | @ay z 000yy | |
| 106 | @ar | |
| 200 | 1 | @a草地资源可持续利用原理与技术@Acao di zi yuan ke chi xu li yong yuan li yu ji shu@f戎郁萍等编著@Frong yu ping deng bian zhu |
| 210 | @a北京@c化学工业出版社@d2004 | |
| 215 | @a268页@d24cm | |
| 225 | 2 | @a草业与生态环境建设丛书@Acao ye yu sheng tai huan jing jian she cong shu |
| 300 | @a草业系列图书 | |
| 330 | @a本书讲述了草地资源的成因、分布、分类、区划、评价、监测和草地资源保护及可持续利用等内容。重点介绍了草地资源的成因、草地退化原因及防治、人类利用对草地资源施加的影响等内容。 | |
| 461 | 0 | @1001002628311@12001 @a草业与生态环境建设丛书 |
| 606 | 0 | @a草地@x资源利用@x研究 |
| 606 | 0 | @a草地 |
| 606 | 0 | @a资源利用 |
| 690 | @aS812.8@v4 | |
| 701 | 0 | @a戎郁萍@Arong yu ping@c(草地学)@4编著 |
| 801 | 0 | @aCN@bNLC@c20070805 |
| 905 | @dS812.8@e73@f3 | |
| 草地资源可持续利用原理与技术/戎郁萍等编著.-北京:化学工业出版社,2004 |
| 268页;24cm.-(草业与生态环境建设丛书) |
| 草业系列图书 |
| ISBN 7-5025-5104-2:CNY28.00 |
| 本书讲述了草地资源的成因、分布、分类、区划、评价、监测和草地资源保护及可持续利用等内容。重点介绍了草地资源的成因、草地退化原因及防治、人类利用对草地资源施加的影响等内容。 |
| ● |
| 相关链接 |
|
|
|
|
正题名:草地资源可持续利用原理与技术
索取号:S812.8/73
 
预约/预借
| 序号 | 登录号 | 条形码 | 馆藏地/架位号 | 状态 | 备注 |
| 1 | 0850762 | 208507622 | 第二样本阅览室/ [索取号:S812.8/73] | 在馆 | |
| 2 | 0850763 | 208507631 | 第三借阅区/ [索取号:S812.8/73] | 在馆 | |
| 3 | 0850764 | 208507640 | 第三借阅区/ [索取号:S812.8/73] | 在馆 |